Countries of the Persian Empire - Statistics

General Stats
  • This quiz has been taken 576 times
  • The average score is 23 of 26
Answer Stats
Country % Correct
Iran
99%
Iraq
98%
Israel
96%
Turkey
96%
Pakistan
95%
Saudi Arabia
94%
Afghanistan
93%
Armenia
93%
Egypt
93%
Syria
93%
Greece
92%
Azerbaijan
91%
Georgia
90%
Lebanon
90%
Turkmenistan
90%
Jordan
88%
Uzbekistan
88%
Kuwait
86%
Tajikistan
86%
Bulgaria
83%
Libya
82%
Cyprus
79%
Romania
76%
Macedonia
71%
Ukraine
68%
Moldova
57%
No matching quizzes found
Score Distribution
Percent of People with Each Score
Percentile by Number Answered
Your Score History
You have not taken this quiz